Quizzes
Events
Quiz Creation
Community
Videos
Private Events
Remove Ads
Sign In
Join for FREE
Feedback
Dark Mode
Quiz Categories
Sports
Geography
Music
Movies
Television
Just For Fun
Miscellaneous
History
Literature
Language
Science
Gaming
Entertainment
Religion
Holiday
For Kids
Quiz Lab
Recent
Popular Today
Quiz Kudos Today
Editor Picks
Curator Picks
Quizzes by...
Day
Popularity
Type
Ratings
Length
Year
Community
Subscriptions
Recent Discussions
Orange Saloon
Badges
Playlists
Quests
Create
Leaderboards
Showdown
Live 5
Trivia Bingo
Activity
Puzzle Library
Sporcle Events
Private Events
Virtual Trivia
Globe League
Become a Host
Pub Owners
SporcleCon
Opinionation
Our Games
Videos
Blog
Mobile Apps
Partnerships
Remove Ads and Go Orange
Feedback
Religion
Mythology
Religious Music
World Religions
Bible
Christianity
Catholicism
Judaism
Church
Scripture
Islam
Verse
Religion
Mythology
Religious Music
World Religions
Bible
Christianity
Catholicism
Judaism
Church
Scripture
Islam
Verse
Random Quiz
Search Sporcle
×
Quiz Lab
Quiz Lab
Religion
Judaism
Type in answers that appear in a list
Type in answers that appear in a list
Classic
Best Score? Go Orange.
Jewish CEO's Stats
Can you name the Jewish CEO's?
By
MakomRocks
7m
8 Questions
67 Plays
67 Plays
67 Plays
Comments
Comments
Give Quiz Kudos
Give Quiz Kudos
-
- Ratings
hide this ad
Random Order
Randomize order of answers
Randomize order of answers
Replay
Link that replays current quiz
Next Quiz
Link to next quiz in quiz playlist
You Got
0%
They Got
Avg Score
22%
Avg Friend Score
Upgrade to see
Score Distribution
Jump to the score distribution portion of the page
Score
0/8
Timer
07:00
0
Plays Today
Reason
Name
% Correct
Founder of Dell
Michael Dell
82.1%
Co-
founder of Google
Sergey Brin
37.3%
Chairman and CEO of Starbucks
Howard Schultz
35.8%
Founder of Microsoft
Steve Ballmer
14.9%
CEO of Lazard and Controller of Wasserstein and CO.
Bruce Wasserstein
7.5%
Founder of CBS
William S. Paley
3%
American Billionaire Investor
Ronald Perelman
1.5%
Creator of the Camera Phone
Philippe Kahn
1.5%
Quiz Playlist
Details
Report
Send in Message
Add To Playlist
Classic:
Type in answers that appear in a list
Random Order:
Randomize order of answers
Last Updated: Feb 16, 2017
Quiz Scoreboard
CHALLENGE
Sign Up to Join the Scoreboard
Show All
Scores
Hide
Comments
May contain spoilers
Recently Published
Street Fighter Characters
by Artimus82
Gaming
60s
9x9 Crossword: Cartoon Network
by jackfrog10
Miscellaneous
3m
College Basketball Coaching Resumes
by pancakes188
Sports
9m
More to Explore
Quiz From the Vault
Featured Blog Post
Where Did the Easter Bunny Come From?
hide this ad
You Might Also Like...
Tags
Judaism Quiz
ceo
Jewish
reason
Today's Top Quizzes in Religion
Browse Religion
hide this ad
Today's Top Quizzes in Judaism
Browse Judaism
Top Contributed Quizzes in Religion
1
5-to-1: Children of Gods
2
5-to-1: European Churches
3
One Thing in Common: Mythology
4
One Thing in Common: Mythology II
5
Mythological Creature Bunker
6
Prime Time: Religion
7
10 to 1: Islam
8
One Thing in Common: Religion
9
Murdered Mythical Monsters
10
One Thing in Common: Religion and Mythology
Explore More
Trending Topics
Crossword
Marvel
Disney
Harry Potter
Kpop
Anime
NBA
WWE
NFL
Song
Country
The Office
Puzzle
Pokémon
Soccer
hide this ad
More By:
MakomRocks
Quiz
Plays
Rating
Category
Featured
Created
Active Jewish Baseball Players
1,920
3.75
Sports
Feb 24, 2010
Colleges w/ Largest Jewish Popululation
904
1.63
Miscellaneous
Feb 24, 2010
Most Jewish States by Population Percent
804
2.00
Religion
Mar 10, 2010
Jewish Foods
332
1.00
Religion
Feb 24, 2010
Famous Jewish Athletes
148
1.14
Sports
Mar 10, 2010
Go to Creator's Profile
Score Distribution
Quiz Creator Spotlight
MakomRocks
Follow
Send a Message
Quizzes Created
-
Created Quiz Play Count
-
More By This Creator
Popular Quizzes Today
1
Find the US States - No Outlines Minefield
2
Find the Countries of Europe - No Outlines Minefield
3
The Countries of the World
4
Find the US States
5
Risky Map Clicking: Biggest States A-Z
6
US States
7
Popular People in 1961
8
Movies - When Are They Set?
More Religion Quizzes
Islam FGHIs
Editor's Pick
Trending Quizzes
Risky Map Clicking: Least Populous States A-Z
1-10 Letter G Words
Risky Map Clicking: Next State Alphabetically
Adjectives in 80s TV Shows
The Seven Year Switch: Catherine
Recently Updated
Leaping Animals
pecheneg
Reality TV Shows (A-Z)
bhenderson79
Rickey Henderson's Hall of Fame Teammates
pecheneg
Champions League XIs: Arsenal
pecheneg
Quick Pick: Celebrities in WWE's Hall of Fame
aduchscher
A-Z Keypad Blitz II
pecheneg
Multiple Oscar Actors
pecheneg
Mystery Phrase Blitz: Oscar 'Best Actors'
pecheneg
F. Scott Fitzgerald Novels
LTH
Pick 3 Villains
ddd62291
Trending Topics
Disney
Kpop
Anime
Harry Potter
Marvel
Crossword
NBA
WWE
NFL
Pokémon
Song
Country
Puzzle
Soccer
The Office
Your Account Isn't Verified!
In order to create a playlist on Sporcle, you need to verify the email address you used during registration. Go to your
Sporcle Settings
to finish the process.
Report this User
Report this user for behavior that violates our
Community Guidelines
.
Details:
Send Report
Go to the Sporcle.com Mobile Site →
Comments